| 000 | 00728cam a2200217 i 4500 | ||
|---|---|---|---|
| 008 | |||
| 020 | _a0903031655 (pbk.) | ||
| 049 | _aMAIN | ||
| 090 |
_aTP359 _bBUR |
||
| 245 | 0 | 2 |
_aA Chinese biogas manual : _bpopularising technology in the countryside / _cedited by Ariane van Buren ;technical editor, Leo Pyle ; translator Michael Crook. |
| 260 |
_aLondon : _bIntermediate Technology Pub., _c1979. |
||
| 300 |
_a135 p. : _bill. ; _c22 cm. |
||
| 650 | 0 |
_aBiogas _zChina. |
|
| 650 | 0 |
_aAppropriate technology _zChina. |
|
| 700 | 1 | _avan Buren, Ariane. | |
| 907 |
_a.b1033032x _b14-05-13 _c08-05-13 |
||
| 003 | |||
| 005 | 20230123122008.0 | ||
| 040 | _cNUST | ||
| 942 |
_cBOOKS _kTP359 _mBUR |
||
| 999 |
_c125989 _d125989 |
||